| 000 | 01228nam a2200385 a 4500 | ||
|---|---|---|---|
| 001 | vtls000004138 | ||
| 003 | NLI | ||
| 005 | 20210601180406.0 | ||
| 008 | 101125s1994 ii 001 0 eng | ||
| 020 |
_a817036387X _cRs. 325.00 |
||
| 039 | 9 |
_y201011250015 _zVLOAD |
|
| 040 | 0 |
_aNLI _beng _cVERGIS-2003 |
|
| 041 | 0 | _aeng | |
| 044 | _aii | ||
| 082 | 0 | 4 | _a613.072 |
| 245 | 0 | 0 |
_aStudying hygiene bevaiour: _bmenthods issues and experiences/ _cedited by Sandy Cairncross, Vijay Kochar |
| 260 |
_aNew Delhi: _bSAGE, _cc1994 |
||
| 300 |
_a334 p.; _c22 cm. |
||
| 440 |
_aIncludes bibliographical references and index _917461 |
||
| 500 | 3 | _aWorkshop on the measurement of hygiene behaviour held at Queen's College, Oxford in april 1991 | |
| 650 | 0 |
_aHealth bahavior _xResearch _xMenthodology _918070 |
|
| 650 | 0 | _aHealth education | |
| 650 | 0 | _aHygiene | |
| 700 | 1 |
_aCairncross, Sandy, _4edt _918071 |
|
| 700 | 1 |
_aKochar, Vijay, _4edt _918072 |
|
| 887 | _aSathya K. | ||
| 901 |
_aDB 65801 _b05/08/1994 |
||
| 902 | _aE 613.072 St 94 | ||
| 903 | _a16/02/2004 | ||
| 904 | _aSathya K. | ||
| 906 | _a002046 | ||
| 949 |
_AVIRTUAITEM _D10000 _F1 _X100 _6DBA000065801ENG _aE 613.072 St94 |
||
| 942 |
_2ddc _cBKS |
||
| 999 |
_c8367 _d8367 |
||